La storia politica dell'antichità paragonata alla moderna / (Record no. 160604)

MARC details
000 -LEADER
campo de control de longitud fija 00820nam a2200217 i 4500
001 - NÚMERO DE CONTROL
campo de control 160604
003 - IDENTIFICADOR DE NÚMERO DE CONTROL
campo de control ES-MaACL
005 - FECHA Y HORA DE LA ÚLTIMA TRANSACCIÓN
campo de control 20250803050544.0
008 - DATOS DE LONGITUD FIJA--INFORMACIÓN GENERAL
campo de control de longitud fija 010308m18661867it |||| | ita d
040 ## - FUENTE DE CATALOGACIÓN
Centro catalogador/agencia de origen CCPB | B
Lengua de catalogación spa
Centro/agencia transcriptor CCPB | B
100 1# - ENTRADA PRINCIPAL--NOMBRE DE PERSONA
Nombre de persona Negri, Cristoforo.
9 (RLIN) 130432
245 13 - MENCIÓN DEL TÍTULO
Título La storia politica dell'antichità paragonata alla moderna /
Mención de responsabilidad, etc. di Negri Cristoforo.
260 ## - PUBLICACIÓN, DISTRIBUCIÓN, ETC.
Lugar de publicación, distribución, etc. Venezia :
Nombre del editor, distribuidor, etc. [s.n.],
Fecha de publicación, distribución, etc. 1866-1867 (
Fabricante Stabilimento Tipografico Antonelli)
300 ## - DESCRIPCIÓN FÍSICA
Extensión 3 v. (360 ; 354 ; 306 p.) ;
Dimensiones 19 cm.
490 1# - MENCIÓN DE SERIE
Mención de serie Nuova collezione di opere storiche ;
Designación de volumen o secuencia 10-12
650 07 - PUNTO DE ACCESO ADICIONAL DE MATERIA--TÉRMINO DE MATERIA
Término de materia o nombre geográfico como elemento de entrada Historia antigua
Fuente del encabezamiento o término embne
9 (RLIN) 13385
651 #4 - PUNTO DE ACCESO ADICIONAL DE MATERIA--NOMBRE GEOGRÁFICO
Nombre geográfico Roma-
Subdivisión general Política y gobierno.
9 (RLIN) 137343
830 0# - PUNTO DE ACCESO ADICIONAL DE SERIE-TÍTULO UNIFORME
Título uniforme Nuova collezione di opere storiche ;
Designación de volumen o secuencia 10-12
9 (RLIN) 221512
852 ## - LOCALIZACIÓN
Ubicación ES-MaACL
Número de control de estantería G-10065-67
Nota libre -- Enc. hol.
Holdings
Estatus retirado Estado de pérdida Estado de daño No para préstamo Colección Biblioteca de origen Biblioteca actual Ubicación en estantería Fecha de adquisición Total de préstamos Signatura topográfica completa Código de barras Visto por última vez Precio de reemplazo Tipo de ítem Koha
        Libros del s. XIX Biblioteca del Ateneo de Madrid Biblioteca del Ateneo de Madrid Sala Pecera Planta 3 17/01/2008   G-10065-67 1168165 23/02/2023 23/02/2023 Libro impreso antiguo